[Event "IBCA World-chT blind 9th"]
[Site "Ohrid"]
[Date "2022.06.30"]
[Round "3.3"]
[White "Meyer, Eric1111"]
[Black "Vojan, Istvan"]
[Result "0-1"]
[WhiteElo "1625"]
[BlackElo "1801"]
[PlyCount "48"]
[EventDate "2022.06.28"]
[EventType "team-swiss"]
[EventRounds "9"]
[EventCountry "MKD"]
[SourceTitle "EXT 2024"]
[Source "ChessBase"]
[SourceDate "2023.10.10"]
[SourceVersion "1"]
[SourceVersionDate "2023.10.10"]
[SourceQuality "1"]
[WhiteTeam "France"]
[BlackTeam "Hungary"]
[WhiteTeamCountry "FRA"]
[BlackTeamCountry "HUN"]

1. d4 e6 2. Nf3 Nf6 3. c4 c5 4. e3 g6 5. Nc3 Bg7 6. Be2 0-0 7. 0-0 d5 8. dxc5 Nc6 9. Rb1 Qa5 10. Na4 dxc4 11. Bxc4 e5 12. Bd2 Qc7 13. h3 Bf5 14. Rc1 Rad8 15. Qe2 Qd7 16. Bc3 Ne4 17. Rfd1 Nxc3 18. Nxc3 Qe8 19. Nb5 Kh8 20. g4 Bc8 21. a3 h6 22. Ba2 g5 23. Nh2 e4 24. Nc3 Ne5 0-1

[Event "IBCA-ol blind 15th"]
[Site "Ohrid"]
[Date "2017.06.27"]
[Round "8.3"]
[White "Vojan, Istvan"]
[Black "Rivas Cabrera, Edgar"]
[Result "0-1"]
[WhiteElo "1921"]
[BlackElo "2085"]
[PlyCount "70"]
[EventDate "2017.06.19"]
[EventType "team-swiss"]
[EventRounds "9"]
[EventCountry "MKD"]
[SourceTitle "CBM 179 Extra"]
[Source "ChessBase"]
[SourceDate "2017.08.23"]
[SourceVersion "1"]
[SourceVersionDate "2017.08.23"]
[SourceQuality "1"]
[WhiteTeam "Hungary"]
[BlackTeam "Venezuela"]
[WhiteTeamCountry "HUN"]
[BlackTeamCountry "VEN"]

1. e4 c5 2. d4 cxd4 3. c3 dxc3 4. Nxc3 Nc6 5. Nf3 e6 6. Bc4 a6 7. a4 Qc7 8. Qe2 Bd6 9. 0-0 Nge7 10. Be3 Ng6 11. Bb3 0-0 12. Rac1 Qa5 13. Qd2 Bb8 14. Ne1 Nge5 15. Qe2 Qb4 16. Ba2 b5 17. f4 Nc4 18. Nd3 Qe7 19. Bxc4 bxc4 20. Ne1 Qb4 21. Rc2 f5 22. e5 Ba7 23. Bxa7 Rxa7 24. Qf2 Rc7 25. Nf3 Ne7 26. Rd1 Bb7 27. Rcd2 Nd5 28. Nxd5 Bxd5 29. Ra1 c3 30. bxc3 Rxc3 31. Nd4 Qc4 32. Rdd1 Rc8 33. Qd2 Be4 34. Qf2 Rd3 35. Rac1 Qxc1 0-1

[Event "SLO-ch blind int 8th"]
[Site "Izola"]
[Date "2009.06.15"]
[Round "1"]
[White "Olsar, Jaroslav"]
[Black "Vojan, Istvan"]
[Result "1-0"]
[WhiteElo "2318"]
[BlackElo "2041"]
[PlyCount "81"]
[EventDate "2009.06.15"]
[EventType "swiss"]
[EventRounds "7"]
[EventCountry "SLO"]
[SourceTitle "EXT 2011"]
[Source "ChessBase"]
[SourceDate "2010.11.26"]
[SourceVersion "1"]
[SourceVersionDate "2010.11.26"]
[SourceQuality "1"]

1. e4 c5 2. Nf3 d6 3. d4 cxd4 4. Nxd4 Nf6 5. Nc3 g6 6. g3 Bg7 7. Bg2 0-0 8. h3 Qb6 9. Nde2 Nc6 10. 0-0 Bd7 11. Rb1 a6 12. Bg5 Be6 13. Nd5 Bxd5 14. exd5 Ne5 15. b3 Rac8 16. Qd2 Qc5 17. c4 e6 18. Be3 Qc7 19. f4 Ned7 20. dxe6 fxe6 21. Rbd1 Ne8 22. Nd4 Rf6 23. Rfe1 Nf8 24. Nf3 e5 25. Ng5 Kh8 26. Bd5 Qd7 27. Qg2 h6 28. fxe5 dxe5 29. Be6 Qc7 30. Bxc8 Qxc8 31. Ne4 Rc6 32. Rf1 Ne6 33. Kh2 Nd4 34. Qf2 Qe6 35. g4 Rc7 36. Qh4 Nd6 37. Nxd6 Qxd6 38. Bxh6 Kg8 39. Bxg7 e4+ 40. Qg3 Nf3+ 41. Kg2 1-0

[Event "IBCA-ol blind 13th"]
[Site "Heraklion"]
[Date "2008.10.28"]
[Round "9.2"]
[White "Vojan, Istvan"]
[Black "Norum, Per Ivar"]
[Result "1-0"]
[WhiteElo "2036"]
[BlackElo "1400"]
[PlyCount "41"]
[EventDate "2008.10.19"]
[EventType "team-swiss"]
[EventRounds "9"]
[EventCountry "GRE"]
[SourceTitle "EXT 2010"]
[Source "ChessBase"]
[SourceDate "2010.11.25"]
[SourceVersion "1"]
[SourceVersionDate "2010.11.25"]
[SourceQuality "1"]
[WhiteTeam "Hungary (blind)"]
[BlackTeam "Norway (blind)"]
[WhiteTeamCountry "HUN"]
[BlackTeamCountry "NOR"]

1. e4 c5 2. d4 cxd4 3. Nf3 Nc6 4. Bc4 d6 5. Nxd4 Nf6 6. Nc3 e6 7. Bb3 Be7 8. 0-0 0-0 9. Be3 a6 10. a4 Qc7 11. f4 Bd7 12. Qf3 Rac8 13. Rae1 Rfd8 14. Qg3 Na5 15. e5 Ne8 16. f5 dxe5 17. fxe6 exd4 18. exf7+ Kf8 19. fxe8Q+ Kxe8 20. Qxg7 Bh3 21. Bg5 1-0

[Event "IBCA-ol blind 13th"]
[Site "Heraklion"]
[Date "2008.10.20"]
[Round "2.2"]
[White "Dalschaert, Didier"]
[Black "Vojan, Istvan"]
[Result "1/2-1/2"]
[WhiteElo "1400"]
[BlackElo "2036"]
[PlyCount "55"]
[EventDate "2008.10.19"]
[EventType "team-swiss"]
[EventRounds "9"]
[EventCountry "GRE"]
[SourceTitle "EXT 2010"]
[Source "ChessBase"]
[SourceDate "2010.11.25"]
[SourceVersion "1"]
[SourceVersionDate "2010.11.25"]
[SourceQuality "1"]
[WhiteTeam "Belgium (blind)"]
[BlackTeam "Hungary (blind)"]
[WhiteTeamCountry "BEL"]
[BlackTeamCountry "HUN"]

1. e4 c5 2. Nf3 d6 3. d4 cxd4 4. Nxd4 Nf6 5. Nc3 g6 6. Be2 Bg7 7. Be3 0-0 8. 0-0 Nc6 9. Qd2 Ng4 10. Bxg4 Bxg4 11. f4 Na5 12. b3 Bd7 13. Rad1 Rc8 14. f5 Nc6 15. Nd5 Ne5 16. c4 Ng4 17. Bf4 e5 18. fxe6 fxe6 19. h3 exd5 20. hxg4 dxc4 21. bxc4 Rxc4 22. Nf5 Rxf5 23. gxf5 Bc6 24. Qxd6 Qxd6 25. Rxd6 Rxe4 26. f6 Bf8 27. f7+ Kg7 28. Rd2 1/2-1/2

[Event "IBCA EU-ch blind 04th"]
[Site "Durham"]
[Date "2007.08.18"]
[Round "5.12"]
[White "Vojan, Istvan"]
[Black "Ross, Chris Neil"]
[Result "0-1"]
[WhiteElo "2066"]
[BlackElo "2133"]
[PlyCount "74"]
[EventDate "2007.08.14"]
[EventType "swiss"]
[EventRounds "9"]
[EventCountry "ENG"]
[SourceTitle "EXT 2008"]
[Source "ChessBase"]
[SourceDate "2007.11.25"]
[SourceVersion "1"]
[SourceVersionDate "2007.11.25"]
[SourceQuality "1"]

1. e4 c5 2. Nf3 e6 3. d4 cxd4 4. Nxd4 a6 5. Nc3 b5 6. Bd3 Qb6 7. Nb3 Qc7 8. Be3 Bb7 9. 0-0 Nf6 10. f3 Be7 11. Qd2 0-0 12. Qf2 d6 13. Na5 Qxa5 14. Bb6 Qb4 15. a3 Qxb2 16. Ba5 Nc6 17. Ra2 Qxa2 18. Nxa2 Nxa5 19. Qb6 Bd8 20. Qxd6 Rc8 21. Rd1 Bc7 22. Qb4 Rfd8 23. Qe1 Bb6+ 24. Kh1 Nc4 25. Qh4 Nb2 26. Rd2 Be3 27. Re2 Nxd3 28. Rxe3 Rxc2 29. h3 Rxa2 30. e5 Nxe5 31. Rxe5 Rdd2 32. Qf4 h6 33. Rc5 Nd5 34. Qb8+ Kh7 35. Qf8 Rxg2 36. Rxd5 Bxd5 37. Qxf7 Rh2+ 0-1

[Event "IBCA EU-ch blind 04th"]
[Site "Durham"]
[Date "2007.08.16"]
[Round "3.10"]
[White "Zoltek, Tadeusz"]
[Black "Vojan, Istvan"]
[Result "1-0"]
[WhiteElo "2237"]
[BlackElo "2066"]
[PlyCount "67"]
[EventDate "2007.08.14"]
[EventType "swiss"]
[EventRounds "9"]
[EventCountry "ENG"]
[SourceTitle "EXT 2008"]
[Source "ChessBase"]
[SourceDate "2007.11.25"]
[SourceVersion "1"]
[SourceVersionDate "2007.11.25"]
[SourceQuality "1"]

1. c4 Nf6 2. Nf3 d5 3. cxd5 Nxd5 4. g3 g6 5. Bg2 Bg7 6. 0-0 0-0 7. Nc3 c6 8. Qb3 Na6 9. d3 Nab4 10. Bd2 Rb8 11. e4 Nxc3 12. Bxc3 Bxc3 13. Qxc3 Na6 14. d4 Be6 15. h3 Qb6 16. Rfe1 Qb4 17. a3 Qxc3 18. bxc3 Rbd8 19. Bf1 Nc7 20. a4 Bc8 21. a5 Kg7 22. Rab1 e6 23. Ne5 Rfe8 24. a6 bxa6 25. Nxc6 Rd6 26. Nxa7 Bd7 27. Rb7 Na8 28. e5 Bc6 29. Rb2 Rd7 30. Nxc6 Rc7 31. Bg2 Rec8 32. c4 Rxc6 33. Bxc6 Rxc6 34. c5 1-0

[Event "SLO-ch blind int 7th"]
[Site "Izola"]
[Date "2007.06.14"]
[Round "2"]
[White "Vojan, Istvan"]
[Black "Kalik, Jan"]
[Result "1/2-1/2"]
[WhiteElo "2066"]
[BlackElo "2013"]
[PlyCount "48"]
[EventDate "2007.06.13"]
[EventType "swiss"]
[EventRounds "7"]
[EventCountry "SLO"]
[SourceTitle "EXT 2023"]
[Source "ChessBase"]
[SourceDate "2022.10.05"]
[SourceVersion "1"]
[SourceVersionDate "2022.10.05"]
[SourceQuality "1"]

1. e4 c5 2. d4 cxd4 3. c3 dxc3 4. Nxc3 e5 5. Nf3 Nc6 6. Bc4 Be7 7. Qd5 d6 8. Qxf7+ Kd7 9. Nb5 Qf8 10. Ng5 Nd8 11. Be6+ Kc6 12. Qxf8 Bxf8 13. Nxa7+ Rxa7 14. Bxc8 Ra8 15. Bh3 h6 16. Ne6 Nxe6 17. Bxe6 Nf6 18. f3 d5 19. exd5+ Nxd5 20. Bd2 Bc5 21. a3 Nf4 22. Bxf4 exf4 23. Bf5 Be3 24. Be4+ Kb6 1/2-1/2

[Event "SLO-ch blind int 6th"]
[Site "Izola"]
[Date "2005.06.14"]
[Round "2"]
[White "Kopriva, Petr"]
[Black "Vojan, Istvan"]
[Result "1/2-1/2"]
[WhiteElo "2000"]
[BlackElo "2074"]
[PlyCount "59"]
[EventDate "2005.06.13"]
[EventType "swiss"]
[EventRounds "7"]
[EventCountry "SLO"]
[SourceTitle "EXT 2019"]
[Source "ChessBase"]
[SourceDate "2018.10.10"]
[SourceVersion "1"]
[SourceVersionDate "2018.10.10"]
[SourceQuality "1"]

1. e4 c5 2. Nf3 d6 3. d4 cxd4 4. Qxd4 Nc6 5. Bb5 Bd7 6. Bxc6 Bxc6 7. Nc3 Nf6 8. Bg5 Nd7 9. 0-0-0 Qb6 10. Qd2 Nc5 11. Rhe1 h6 12. Be3 Qa5 13. Kb1 0-0-0 14. Nd4 Bd7 15. f3 e6 16. Bf2 Be7 17. Nd5 Qxd2 18. Nxe7+ Kc7 19. Rxd2 Rhe8 20. Nd5+ exd5 21. exd5 Rxe1+ 22. Bxe1 Re8 23. Re2 Re5 24. Rxe5 dxe5 25. b4 Na4 26. Bg3 f6 27. c4 Nb6 28. d6+ Kc8 29. c5 Nd5 30. Nc2 1/2-1/2

[Event "IBCA-ol blind 12th"]
[Site "La Pineda"]
[Date "2004.11.10"]
[Round "8.2"]
[White "Vojan, Istvan"]
[Black "Kuvsinov, Anatolij"]
[Result "1-0"]
[WhiteElo "2078"]
[BlackElo "2022"]
[PlyCount "69"]
[EventDate "2004.11.03"]
[EventType "team-swiss"]
[EventRounds "9"]
[EventCountry "ESP"]
[SourceTitle "EXT 2010"]
[Source "ChessBase"]
[SourceDate "2010.11.25"]
[SourceVersion "1"]
[SourceVersionDate "2010.11.25"]
[SourceQuality "1"]
[WhiteTeam "Hungary (blind)"]
[BlackTeam "Lithuania (blind)"]
[WhiteTeamCountry "HUN"]
[BlackTeamCountry "LTU"]

1. e4 e5 2. Nc3 Nf6 3. f4 d6 4. Nf3 Nc6 5. Bb5 Nd7 6. 0-0 exf4 7. d4 g5 8. Bc4 Bg7 9. h4 h6 10. Nd5 g4 11. Bxf4 gxf3 12. Qxf3 Nf6 13. Be3 Be6 14. Nxf6+ Qxf6 15. Qxf6 Bxf6 16. d5 Na5 17. Bb5+ c6 18. dxe6 Bxb2 19. exf7+ Ke7 20. Rab1 Bf6 21. Be2 b5 22. Rf5 Bxh4 23. Bd4 Rh7 24. Bh5 Nc4 25. Rbf1 Rf8 26. Bg6 c5 27. Bxh7 cxd4 28. Rxb5 Ne3 29. Rb7+ Ke6 30. Rfb1 Rxf7 31. Bg8 Nxc2 32. Rxf7 Ke5 33. Rb5+ d5 34. Rxd5+ Kxe4 35. Rh5 1-0

[Event "Budapest FS06 FM-A"]
[Site "Budapest"]
[Date "2004.06.11"]
[Round "7"]
[White "Vojan, Istvan"]
[Black "Csolig, Robert"]
[Result "1-0"]
[WhiteElo "2082"]
[BlackElo "2113"]
[PlyCount "65"]
[EventDate "2004.06.05"]
[EventType "tourn"]
[EventRounds "11"]
[EventCountry "HUN"]
[SourceTitle "CBM 100 Extra"]
[Source "ChessBase"]
[SourceDate "2004.07.06"]
[SourceVersion "2"]
[SourceVersionDate "2004.07.06"]
[SourceQuality "1"]

1. e4 c5 2. Nf3 Nc6 3. d4 cxd4 4. Nxd4 Nf6 5. Nc3 e5 6. Ndb5 d6 7. Bg5 a6 8. Na3 b5 9. Nd5 Be7 10. Nxe7 Nxe7 11. Bd3 d5 12. exd5 Qxd5 13. Be2 Bb7 14. Qxd5 Bxd5 15. 0-0 Nf5 16. c3 h6 17. Bd2 0-0 18. Nc2 Ne4 19. Be3 Nxe3 20. Nxe3 Be6 21. a4 Nd2 22. Rfd1 Nb3 23. Ra3 Rab8 24. axb5 axb5 25. Nd5 Nc5 26. Ra5 Rfd8 27. c4 Nb3 28. Rxb5 Rxb5 29. Nf6+ Kf8 30. Rxd8+ Ke7 31. Re8+ Kxf6 32. cxb5 Nd4 33. Bd3 1-0

[Event "IBCA EU-ch blind 03rd"]
[Site "Mondariz"]
[Date "2003.08.31"]
[Round "4"]
[White "Zoltek, Tadeusz"]
[Black "Vojan, Istvan"]
[Result "1-0"]
[WhiteElo "2310"]
[BlackElo "2126"]
[PlyCount "67"]
[EventDate "2003.08.27"]
[EventType "swiss"]
[EventRounds "9"]
[EventCountry "ESP"]
[SourceTitle "EXT 2004"]
[Source "ChessBase"]
[SourceDate "2003.11.25"]
[SourceVersion "1"]
[SourceVersionDate "2003.11.25"]
[SourceQuality "1"]

1. c4 e6 2. Nf3 d5 3. d4 Nf6 4. Nc3 c5 5. cxd5 Nxd5 6. e3 Be7 7. Bd3 0-0 8. 0-0 Nc6 9. Nxd5 exd5 10. dxc5 Bxc5 11. Qc2 Bd6 12. Bxh7+ Kh8 13. Bf5 Qf6 14. Bxc8 Raxc8 15. Qb3 Ne5 16. Nxe5 Qxe5 17. g3 b6 18. Bd2 d4 19. exd4 Qxd4 20. Bc3 Qg4 21. Qd1 Qg6 22. Qd4 Rfe8 23. Rae1 Bc5 24. Rxe8+ Rxe8 25. Qd2 Qg4 26. Re1 Rxe1+ 27. Qxe1 Qf3 28. Qd2 Qe4 29. Qh6+ Qh7 30. Bxg7+ Kg8 31. Qxh7+ Kxh7 32. Bc3 Kg6 33. Kg2 f5 34. f4 1-0